Love is in the air / (Record no. 6500)

MARC details
000 -LEADER
fixed length control field 00987nam a22003017a 4500
001 - CONTROL NUMBER
control field 6500
003 - CONTROL NUMBER IDENTIFIER
control field FISKH
005 - DATE AND TIME OF LATEST TRANSACTION
control field 20250507101436.0
008 - FIXED-LENGTH DATA ELEMENTS--GENERAL INFORMATION
fixed length control field 250507b cb ||||| |||| 00| 0 eng d
020 ## - INTERNATIONAL STANDARD BOOK NUMBER
International Standard Book Number 9780448496474
040 ## - CATALOGING SOURCE
Original cataloging agency FISKH
Language of cataloging eng
Transcribing agency FISKH
Modifying agency FISKH
050 ## - LIBRARY OF CONGRESS CALL NUMBER
Classification number PZ7.F34843 L
082 ## - DEWEY DECIMAL CLASSIFICATION NUMBER
Classification number 517
100 ## - MAIN ENTRY--PERSONAL NAME
Personal name Fenske, Jonathan
245 ## - TITLE STATEMENT
Title Love is in the air /
Statement of responsibility, etc. By Jonathan Fenske
250 ## - EDITION STATEMENT
Edition statement This edition first published in 2012
260 ## - PUBLICATION, DISTRIBUTION, ETC.
Place of publication, distribution, etc. New York :
Name of publisher, distributor, etc. Penguin Young,
Date of publication, distribution, etc. 2012.
300 ## - PHYSICAL DESCRIPTION
Extent 31 pages :
Other physical details color illustrations ;
Dimensions 23 cm
490 ## - SERIES STATEMENT
Series statement Penguin Young Reader
Volume/sequential designation Level 2
505 ## - FORMATTED CONTENTS NOTE
Formatted contents note G<br/>
520 ## - SUMMARY, ETC.
Summary, etc. Abandoned after a birthday party, Balloon is beginning to droop when Kite comes by and invites him to join her for an adventure, spinning and playing among the clouds.<br/>
521 8# - TARGET AUDIENCE NOTE
Target audience note 370 estimate<br/><br/>
Source Lexile<br/>
521 8# - TARGET AUDIENCE NOTE
Target audience note G<br/>
Source Raz-Plus<br/>
650 ## - SUBJECT ADDED ENTRY--TOPICAL TERM
Source of heading or term Kites
Topical term or geographic name entry element Love
650 ## - SUBJECT ADDED ENTRY--TOPICAL TERM
Source of heading or term Friendship
Topical term or geographic name entry element Heartwarming
942 ## - ADDED ENTRY ELEMENTS (KOHA)
Source of classification or shelving scheme Dewey Decimal Classification
Koha item type Books
Suppress in OPAC No
Holdings
Withdrawn status Lost status Source of classification or shelving scheme Damaged status Not for loan Collection Home library Current library Shelving location Date acquired Total Checkouts Full call number Barcode Date last seen Copy number Price effective from Koha item type
    Dewey Decimal Classification     Juvenile Fiction Footprints International School Library Network Toul Tom Poung Campus Footprints International School Library Network Toul Tom Poung Campus TTP Primary Green Bookshelves 05/07/2025   FEN 517 PZ7.F34843 L 2025-1170 05/07/2025 1 05/07/2025 Books